Personal development and clinical psychology / (Record no. 18450)

MARC details
000 -LEADER
fixed length control field 01075cam a22002774a 4500
001 - CONTROL NUMBER
control field 15344369
005 - DATE AND TIME OF LATEST TRANSACTION
control field 20141014102246.0
008 - FIXED-LENGTH DATA ELEMENTS--GENERAL INFORMATION
fixed length control field 080624s2009 xxkadk frb 001 0 eng d
020 ## - INTERNATIONAL STANDARD BOOK NUMBER
International Standard Book Number 1405158662 (pbk. : alk. paper)
020 ## - INTERNATIONAL STANDARD BOOK NUMBER
International Standard Book Number 9781405158664 (pbk. : alk. paper)
040 ## - CATALOGING SOURCE
Original cataloging agency DNLM/DLC
Transcribing agency DLC
Modifying agency NLM
-- YDXCP
-- BAKER
-- UKM
-- C#P
-- BWK
-- BWX
-- CDX
-- IXA
-- DLC
-- EG-ScBUE
082 00 - DEWEY DECIMAL CLASSIFICATION NUMBER
Classification number 616.89
Edition number 22
Item number PER
245 00 - TITLE STATEMENT
Title Personal development and clinical psychology /
Statement of responsibility, etc edited by Jan Hughes and Sheila Youngson.
260 ## - PUBLICATION, DISTRIBUTION, ETC. (IMPRINT)
Place of publication, distribution, etc Chichester, United Kingdom ;
-- Malden, United States :
Name of publisher, distributor, etc BPS Blackwell,
Date of publication, distribution, etc 2009.
300 ## - PHYSICAL DESCRIPTION
Extent xiv, 226 p. :
Other physical details charts, forms, tables ;
Dimensions 23 cm.
500 ## - GENERAL NOTE
General note Index : p. 214-226.
504 ## - BIBLIOGRAPHY, ETC. NOTE
Bibliography, etc Includes bibliographical references.
650 #0 - SUBJECT ADDED ENTRY--TOPICAL TERM
Topical term or geographic name as entry element Clinical psychologists
9 (RLIN) 36203
650 #0 - SUBJECT ADDED ENTRY--TOPICAL TERM
Topical term or geographic name as entry element Clinical psychology
9 (RLIN) 30633
650 #0 - SUBJECT ADDED ENTRY--TOPICAL TERM
Topical term or geographic name as entry element Maturation (Psychology)
9 (RLIN) 36204
653 ## - INDEX TERM--UNCONTROLLED
Resource For college Pharmacy
Arrived date list October2014
655 ## - INDEX TERM--GENRE/FORM
Form subdivision
-- 34232
700 1# - ADDED ENTRY--PERSONAL NAME
Personal name Hughes, Jan N.,
Dates associated with a name 1949-
9 (RLIN) 36205
Relator term editor.
700 1# - ADDED ENTRY--PERSONAL NAME
Personal name Youngson, Sheila
9 (RLIN) 36206
Relator term editor.
942 ## - ADDED ENTRY ELEMENTS (KOHA)
Source of classification or shelving scheme Dewey Decimal Classification
Call number prefix 616.89 PER
Holdings
Withdrawn status Item status Source of classification or shelving scheme Damaged status Not for loan Vendor Home library Current library Shelving location Date acquired Source of acquisition Total Checkouts Total Renewals Full call number Barcode Checked out Date last seen Date last borrowed Koha item type
    Dewey Decimal Classification     Baccah Central Library Central Library First floor 14/10/2014   1 25 616.89 PER 000036630 28/04/2026 20/10/2025 20/10/2025 Book - Borrowing
    Dewey Decimal Classification     Baccah Central Library Central Library First floor 14/10/2014   2 14 616.89 PER 000036631   15/07/2025 24/11/2019 Book - Borrowing
    Dewey Decimal Classification     Baccah Central Library Central Library First floor 14/10/2014   2   616.89 PER 000036632   15/07/2025 14/10/2018 Book - Borrowing